000 00356nam a22001457a 4500
008 210511b ||||| |||| 00| 0 eng d
020 _a9781449691509
041 _aeng
080 _23rd
_a610.73
082 _a610.73
100 _a1
101 _aINF
245 _aRole Development in Professional Nursing Practice
_cKathileen Masters
942 _2udc
_cBK
999 _c57205
_d57205